000 00310nam a22001337a 4500
008 170411b xxu||||| |||| 00| 0 eng d
020 _a0601677114
041 _aeng
080 _a618
100 _a10
101 _aSHM
245 _aINTENSIVE CARE OF THE FETUS AND NEONATE
_cSPITZER.A.R
942 _2udc
_cBK
999 _c10438
_d10438